|
|
|
|
| LEADER |
01897nam a22003612a 4500 |
| 001 |
001250570 |
| 003 |
CZ BrMZK |
| 005 |
20120919202623.0 |
| 007 |
ta |
| 008 |
120919s1967 xr a er|||||||||||cze d |
| 015 |
|
|
|a cnb000493306
|
| 035 |
|
|
|a (OCoLC)79376518
|
| 040 |
|
|
|a ABA001
|b cze
|c BOA001
|d ABA001
|
| 041 |
1 |
|
|a cze
|h eng
|
| 080 |
9 |
|
|a 820(73)-312.4:323.1(73)+92 Stout, R.
|
| 100 |
1 |
|
|a Stout, Rex,
|d 1886-1975
|7 jn19990008296
|4 aut
|
| 245 |
1 |
0 |
|a Právo na smrt /
|c Rex Stout ; [přeložil František Jungwirth ; ilustroval Čeněk Pražák]
|
| 250 |
|
|
|a 1. vyd.
|
| 260 |
|
|
|a Praha :
|b Mladá fronta,
|c 1967
|
| 300 |
|
|
|a 157 s., [6] l. obr. příl. :
|b barev. il. ;
|c 21 cm
|
| 490 |
1 |
|
|a Máj ;
|v sv. 101
|
| 500 |
|
|
|a Přeloženo z angličtiny
|
| 500 |
|
|
|a 188000 výt.
|
| 520 |
2 |
|
|a Detektivní román amerického detektivkáře (původně autora literatury "vážné") s detektivem Nero Wolfem, jeho pobočníkem Archiem Goodwinem, který je vypravěčem příběhu, a trojici dalších tří vykonavačů rozkazů, kteréžto postavy jsou společné všem detektivním románům tohoto autora. Tento detektiv, starý mládenec, řeší vraždy jen tak mimchodem a bojuje obvykle na dvou frontách, proti vrahovi a proti omezené a ukvapené policii. V tomto románě jde o vyšetřování dvou vražd, spáchaných z rasové nenávisti.
|
| 700 |
1 |
|
|a Jungwirth, František,
|d 1920-1997
|7 jk01052192
|4 trl
|
| 765 |
0 |
|
|t Right to die
|9 Česky
|
| 830 |
|
0 |
|a Máj (Mladá fronta)
|0 s
|
| 856 |
4 |
1 |
|u http://www.digitalniknihovna.cz/mzk/uuid/uuid:4a310670-d801-11e2-bcca-005056827e51
|y Digitalizovaný dokument
|x NDK
|
| 910 |
|
|
|a BOA001
|b D-0593.052
|
| 990 |
|
|
|a BK
|
| 991 |
|
|
|b 201209
|
| 996 |
6 |
|
|b 2619530740
|c D-0593.052
|l MZK
|r Sklad / do 24 hodin
|n 0
|w 001284623
|u 000010
|a 1
|e BOA001
|j MZK50
|s P
|
| 996 |
6 |
|
|b 2619530741
|c D-0593.052
|l MZK
|r Sklad / do 24 hodin
|n 0
|w 001284623
|u 000020
|a 1
|e BOA001
|j MZK50
|s P
|